1824 1127 1181 1912 1962 1322 1854 1385 1080 1424 1956 1102 1419 1856 1327 1055 1206 1609 1520 1063 1503 1107 1351 1868 1570 1143 1927 1971 1756 1259 1341 1233 1498 1936 1364 1501 1385 1224 1099 1167 1383 1194 1556 1656 1991 1395 1230 1880 1472 1748 1814 1704 1856 1936 1019 1624 1414 1712 1983 1282 1282 1305 1305 1241 2000 1613 1236 1012 1244 1047 1051 1665 1489 1435 1744 1445 1393 1539 1936 1474 1770 1749 1403 1098 1709 1911 1817 1225 1952 1778 1376 1722 1974 1468 1040 1844 1029 1816 1353 BCNSPRNW ULIB Ver.6.0+V

เปลี่ยนเป็นภาษาไทย

Change to English
 แสดงรายละเอียดบรรณานุกรม
  กลับหน้าหลัก

Brief Record : Get Marc (ISO 2709) : E-mail record : QR code < ปิดหน้าต่าง
LEADER : 00000nam 2200000uu 4500
001    13399121757
003     ULIB
008    121204s2551||||th 000 0 tha d
020    ^a9789745985438
060 04 ^aWR15^bว336ศ
100 0  ^aวรุณวรรณ ผาโคตร
245 10 ^aศัพท์ : ผิวหนัง ความงามและสุขภาพ =^bVocabulary in skin Beauty and Health /^cวรุณวรรณ ผาโคตร,สิรนาถ นุชนาถ
246 31 ^aVocabulary in skin Beauty and Health
250    ^aพิมพ์ครั้งที่ 1
260    ^aกรุงเทพฯ :^bเค. เอส. พี.,^c2551
300    ^a301 หน้า
650  2 ^aBeauty and Health^xDictionaries
650  2 ^aMedicine^xDictionaries
700 00 ^aสิรนาถ นุชนาถ,^eผู้แต่งร่วม
945    ^p199^l0^i16435
995    ^a ทศพร
999    ^aทศพร เกษรทอง
รายการนี้ยังไม่มีแท็ก
คุณยังไม่ได้ล็อกอิน คุณสามารถมีกิจกรรมร่วมกับเว็บไซต์ได้ แต่ต้องล็อกอินก่อน ::
  ล็อกอิน

รายการสื่อสารสนเทศ

ลำดับที่ ประเภท เลขเรียก/บาร์โค้ด สถานที่ สถานะ
1. วิทยาศาสตร์การแพทย์ และสุขภาพ
วิทยาศาสตร์การแพทย์ และสุขภาพ
WR15 ว336ศ ฉ.1 
  Barcode: 16435
ห้องสมุดวิทยาเขตสวรรค์ประชารักษ์
►ส่วนจัดเก็บหนังสือเก่า สปร
บนชั้น
  ขอยืม

รายการใกล้เคียง
    ผู้แต่ง [วรุณวรรณ ผาโคตร]

    หัวเรื่อง [Medicine Dictionaries]

BibComment


ยังไม่เคยถูกคอมเมนท์

คอมเมนท์ทรัพยากรรายการนี้
  คอมเมนท์: ศัพท์ ผิวหนัง ค..


 Copyright 2026. Bcnsprnw @Library